UK Towns Quiz - North Yorkshire - Statistics

General Stats
  • This quiz has been taken 572 times
  • The average score is 28 of 111
Answer Stats
Clue Population Town % Correct
Y 141,671 York
97%
M 148,219 Middlesbrough
88%
H 75,507 Harrogate
87%
S 59,497 Scarborough
87%
W 12,595 Whitby
77%
R 16,589 Ripon
75%
N 13,308 Northallerton
71%
K 15,788 Knaresborough
63%
S 19,480 Selby
62%
R 8,076 Richmond
61%
S 15,042 Skipton
61%
T 5,889 Thirsk
61%
R 37,651 Redcar
59%
M 6,326 Malton
58%
P 7,257 Pickering
51%
F 6,665 Filey
50%
G 18,097 Guisborough
43%
S 5,874 Saltburn
40%
H 1,348 Helmsley
39%
C 14,209 | 2,720 Catterick
38%
S 2,714 Settle
37%
T 6,335 Tadcaster
35%
M 1,112 Masham
34%
B 3,067 Boroughbridge
33%
E 5,036 Easingwold
31%
L 2,406 Leyburn
31%
S 1,018 Stockton
30%
B 3,285 Bedale
29%
G 1,107 Grassington
28%
H 10,186 Haxby
28%
N 7,907 Norton
26%
S 2,122 Seamer
25%
S 4,910 Stokesley
24%
K 2,765 Kirkbymoorside
23%
I 1,755 Ingleton
22%
P 1,341 Pateley Bridge
22%
S 8,568 Sherburn
22%
M 7,572 Marske
21%
S 1,376 | 6,893 Skelton
21%
G 1,073 Giggleswick
20%
L 1,710 Leeming
20%
T 1,856 Thornton
20%
L 4,274 Loftus
19%
P 2,530 Pannal
19%
S 1,788 Scalby
19%
E 29,628 Eston
18%
G 1,505 Gargrave
18%
H 12,421 Huntington
18%
B 3,337 Bishopthorpe
17%
C 1,061 Carleton
17%
C 3,667 Copmanthorpe
17%
S 1,929 Sleights
17%
S 6,055 Strensall
17%
B 3,496 Barlby
16%
B 5,398 Brotton
16%
C 2,041 Carlton
16%
S 2,719 Sutton
16%
E 1,271 Elvington
15%
H 1,059 Huby
15%
L 1,063 Leeming Bar
15%
S 1,012 Scorton
15%
A 1,239 Ampleforth
14%
S 4,722 Sowerby
14%
D 3,257 Dunnington
14%
E 1,721 Embsay
14%
H 1,782 Heslington
14%
H 2,895 Hunmanby
14%
K 1,477 Killinghall
14%
S 1,178 Spofforth
14%
B 4,096 Brayton
13%
B 1,900 | 2,033 Brompton
13%
C 1,643 Church Fenton
13%
C 4,808 Cross Hills
13%
E 2,810 East Ayton
13%
G 4,346 Great Ayton
13%
H 1,478 Hellifield
13%
H 1,704 High Bentham
13%
N 2,990 New Marske
13%
R 2,385 Riccall
13%
U 3,521 Upper Poppleton
13%
B 1,464 Burniston
12%
D 1,266 Dishforth
12%
E 2,440 Eggborough
12%
R 1,205 Rillington
12%
T 3,485 Thorpe
12%
W 1,423 Wigginton
12%
B 1,124 Boosbeck
11%
C 1,502 Cawood
11%
C 1,440 Cowling
11%
H 1,169 Hampsthwaite
11%
R 3,824 Romanby
11%
L 1,320 Lingdale
10%
O 2,312 Osbaldwick
10%
T 1,787 Tockwith
10%
C 1,196 Carlin How
9%
H 1,956 Hutton Rudby
9%
L 1,294 Langthorpe
9%
M 1,715 Monk Fryston
9%
S 2,411 South Milford
9%
W 1,949 Wheldrake
9%
A 1,757 Aiskew
8%
B 1,437 Byram
8%
H 1,873 Hemingbrough
8%
L 1,205 Low Bradley
8%
S 1,816 Stainton
8%
H 1,726 Hambleton
7%
N 1,307 North Duffield
7%
C 1,560 Camblesforth
4%
No matching quizzes found
Score Distribution
Percent of People with Each Score
Percentile by Number Answered
Your Score History
You have not taken this quiz